Maẓhab, tahz̲īb, maut / (Record no. 63329)

MARC details
000 -LEADER
fixed length control field 00666cam a22002411 4500
001 - CONTROL NUMBER
control field sa 65003745
003 - CONTROL NUMBER IDENTIFIER
control field DLC
005 - DATE AND TIME OF LATEST TRANSACTION
control field 20260227112125.0
008 - FIXED-LENGTH DATA ELEMENTS--GENERAL INFORMATION
fixed length control field 921204s1963 pk 000 0 urdo
010 ## - LIBRARY OF CONGRESS CONTROL NUMBER
LC control number sa 65003745
025 ## - OVERSEAS ACQUISITION NUMBER
Overseas acquisition number PL480 : P-U-681
035 ## - SYSTEM CONTROL NUMBER
System control number (OCoLC)27459882
040 ## - CATALOGING SOURCE
Original cataloging agency DLC
Transcribing agency ICU
Modifying agency DLC
042 ## - AUTHENTICATION CODE
Authentication code premarc
050 00 - LIBRARY OF CONGRESS CALL NUMBER
Classification number BF173.F85
Item number A448
100 1# - MAIN ENTRY--PERSONAL NAME
Personal name Aḥmad, Shahzād,
Dates associated with a name 1932-2012.
245 10 - TITLE STATEMENT
Title Maẓhab, tahz̲īb, maut /
Statement of responsibility, etc. Shahzād Aḥmad.
260 ## - PUBLICATION, DISTRIBUTION, ETC.
Place of publication, distribution, etc. Lāhaur :
Name of publisher, distributor, etc. Maktabah-i Kāravān,
Date of publication, distribution, etc. [1963?]
300 ## - PHYSICAL DESCRIPTION
Extent 182 p.
Dimensions 19 cm.
500 ## - GENERAL NOTE
General note In Urdu.
500 ## - GENERAL NOTE
General note Text partially vocalized.
600 10 - SUBJECT ADDED ENTRY--PERSONAL NAME
Personal name Freud, Sigmund,
Dates associated with a name 1856-1939

No items available.

Powered by Koha